Hmotná zodpovednosť

Dohoda o hmotnej zodpovednosti. Protiprávny úkon (komisívne alebo omisívne konanie) zamestnanca. Príčinná súvislosť medzi škodou a protiprávnym konaním zamestnanca. Zavinenie škody. Inventarizácia. Individuálna a spoločná hmotná zodpovednosť. Zbavenie sa zodpovednosti zamestnanca. Odstúpenie od doho...

Descripción completa

Guardado en:
Detalles Bibliográficos
Autor principal: Seilerová, Monika
Formato: Capítulo de libro
Lenguaje:eslovaco
Materias:
Etiquetas: Agregar Etiqueta
Sin Etiquetas, Sea el primero en etiquetar este registro!

MARC

LEADER 00000naa a2200000 4500
001 0242431
005 20180427095437.9
041 0 |a slo 
044 |a SK 
245 1 0 |a Hmotná zodpovednosť  |c Monika Seilerová 
520 |a Dohoda o hmotnej zodpovednosti. Protiprávny úkon (komisívne alebo omisívne konanie) zamestnanca. Príčinná súvislosť medzi škodou a protiprávnym konaním zamestnanca. Zavinenie škody. Inventarizácia. Individuálna a spoločná hmotná zodpovednosť. Zbavenie sa zodpovednosti zamestnanca. Odstúpenie od dohody o hmotnej zodpovednosti. Zodpovednosť zamestnanca za zistený schodok v plnej sume. 
610 2 0 |a zodpovednosť hmotná 
610 2 0 |a škody 
610 2 0 |a zamestnanci 
610 2 0 |a zamestnávatelia 
610 2 0 |a inventarizácia 
610 2 0 |a náhrada škody 
610 2 0 |a zákonník práce 
100 1 |a Seilerová, Monika